000 00344nam a2200145Ia 4500
008 191201s2005 xx 000 0 und d
082 _a530
_bGAE
100 _aGAUR, R K
245 0 _aEngineering Physics
250 _a8th Rep
260 _aN.Delhi
_bDhanpat Rai Pub (P) Ltd
_c2005
300 _a1.1-64.20
650 _aApplied
942 _2ddc
_cBK
999 _c933
_d933